Aurtengo zenbait berri (Record no. 95238)

MARC details
000 -LEADER
campo de control de longitud fija 00466nam a2200157 i 4500
001 - NÚMERO DE CONTROL
campo de control 95238
003 - IDENTIFICADOR DE NÚMERO DE CONTROL
campo de control ES-MaACL
005 - FECHA Y HORA DE LA ÚLTIMA TRANSACCIÓN
campo de control 20230906181648.0
007 - CAMPO FIJO DE DESCRIPCIÓN FÍSICA--INFORMACIÓN GENERAL
campo de control de longitud fija t|
008 - DATOS DE LONGITUD FIJA--INFORMACIÓN GENERAL
campo de control de longitud fija 050525s1973 sp ||||1| baq d
110 2# - ENTRADA PRINCIPAL--NOMBRE DE ENTIDAD CORPORATIVA
Nombre de entidad corporativa o nombre de jurisdicción como elemento de entrada Lur Argitaletxea.
9 (RLIN) 5561
245 10 - MENCIÓN DEL TÍTULO
Título Aurtengo zenbait berri
Resto del título : lureko ekipoa: Ainhoa, Aresti, Aranburu-Altuna... /
Mención de responsabilidad, etc. Lur Argitaletxea.
260 ## - PUBLICACIÓN, DISTRIBUCIÓN, ETC.
Lugar de publicación, distribución, etc. Donostia :
Nombre del editor, distribuidor, etc. Lur,
Fecha de publicación, distribución, etc. 1973.
300 ## - DESCRIPCIÓN FÍSICA
Extensión 102 p. ;
Dimensiones 18 cm.
852 ## - LOCALIZACIÓN
Ubicación ES-MaACL
Número de control de estantería C-55750
Sublocalización o colección R.88040
Holdings
Estatus retirado Estado de pérdida Estado de daño No para préstamo Biblioteca de origen Biblioteca actual Ubicación en estantería Fecha de adquisición Fuente de adquisición Total de préstamos Signatura topográfica completa Código de barras Visto por última vez Precio de reemplazo Tipo de ítem Koha
        Biblioteca del Ateneo de Madrid Biblioteca del Ateneo de Madrid Depósito 2 17/01/2008     C-55750 1099450 23/02/2023 23/02/2023 Libro impreso